000 00544nam a2200169 i 4500
001 72774
003 ES-MaACL
005 20230906171543.0
007 t|
008 040902s1955 sp ||||1| spa d
100 1 _aGöttler, Josef.
_959295
245 1 0 _aPedagogía sistemática /
_cJosef Goettler ; traducida, adaptada y prologada por Juan Tusquels.
260 _aBarcelona :
_bHerder,
_c1955 (
_fSociedad General de Publicaciones)
300 _a441 p. ;
_c25 cm.
700 1 _aTusquels, Juan.
_9111773
852 _aES-MaACL
_jC-19569
_bR.47014
999 _c72774
_d72774